| 000 | 00467nam a22001817a 4500 | ||
|---|---|---|---|
| 005 | 20251016084101.0 | ||
| 008 | 251016b |||||||| |||| 00| 0 eng d | ||
| 020 | _a9789380926049 | ||
| 040 |
_aIN-DiNC _cIN-DiNC |
||
| 041 | _deng | ||
| 082 |
_a920 _bDAS |
||
| 100 |
_aDas, RC _eauthor |
||
| 245 |
_aSubhash Chandra Bose/ _cby RC Das |
||
| 260 |
_aRoorkee: _bSatyam books, _cn.a. |
||
| 300 | _a29p. | ||
| 650 | _aBiography of Subhash Chandra Bose | ||
| 942 |
_2ddc _cBK |
||
| 999 |
_c12290 _d12290 |
||